Are ERP and Organization Capability Can Be Enablers of Green Supply Chain Management? A Viewpoint from Employee's Perception

Cieľom tohto výskumu je zistiť, aký vplyv má implementácia podnikového plánovania zdrojov (ERP) a organizačná schopnosť na postupy riadenia zeleného dodávateľského reťazca (GSCM). Postupy GSCM sú vnímané prostredníctvom ekologického nákupu, spolupráce so zákazníkmi a postupov obnovy investícií.

Na minha lista:
Detalhes bibliográficos
Autor principal: Hasnawati
Outros Autores: Oreský, Milan, 1956-
Formato: Capítulo de Livro
Idioma:inglês
Assuntos:
Tags: Adicionar Tag
Sem tags, seja o primeiro a adicionar uma tag!

MARC

LEADER 00000naa a2200000 4500
001 0266942
005 20240502083800.5
041 0 |a eng 
044 |a ID 
245 1 0 |a Are ERP and Organization Capability Can Be Enablers of Green Supply Chain Management? A Viewpoint from Employee's Perception  |c Hasnawati, Milan Oreský 
520 |a Cieľom tohto výskumu je zistiť, aký vplyv má implementácia podnikového plánovania zdrojov (ERP) a organizačná schopnosť na postupy riadenia zeleného dodávateľského reťazca (GSCM). Postupy GSCM sú vnímané prostredníctvom ekologického nákupu, spolupráce so zákazníkmi a postupov obnovy investícií. 
610 2 0 |a riadenie podnikové 
610 2 0 |a riadenie reťazcov dodávateľských 
610 2 0 |a organizácie 
610 2 0 |a zamestnanci 
610 2 0 |a ekológia 
610 2 0 |a zdroje energie prírodné 
100 1 |a Hasnawati 
700 1 |a Oreský, Milan, 1956-